La incidencia de las pandillas juveniles en la inseguridad de El Salvador /
Este es un discurso que aborda la incidencia actual de las pandillas en el tema de la inseguridad en El Salvador, desde una perspectiva histórica y política para entender el impacto que tienen en la inseguridad. Para ello hace referencia al contexto de inseguridad en el país y cuál ha sido la evoluc...
Đã lưu trong:
| Tác giả chính: | |
|---|---|
| Định dạng: | Texto |
| Những chủ đề: | |
| Các nhãn: |
Thêm thẻ
Không có thẻ, Là người đầu tiên thẻ bản ghi này!
|
MARC
| LEADER | 00000 a a2200000 04500 | ||
|---|---|---|---|
| 001 | 46105 | ||
| 003 | |||
| 040 | |||
| 100 | |a Cruz, José Miguel | ||
| 245 | |a La incidencia de las pandillas juveniles en la inseguridad de El Salvador / |c José Miguel Cruz | ||
| 520 | |a Este es un discurso que aborda la incidencia actual de las pandillas en el tema de la inseguridad en El Salvador, desde una perspectiva histórica y política para entender el impacto que tienen en la inseguridad. Para ello hace referencia al contexto de inseguridad en el país y cuál ha sido la evolución de las pandillas y el rol del Estado. | ||
| 590 | |a AMB/NOVIEMBRE2014 | ||
| 650 | |a A) ESTADO | ||
| 650 | |a B) SEGURIDAD CIUDADANA (CIDCACS) | ||
| 650 | |a C) PANDILLAS (CLACSO) | ||
| 650 | |a D) ASPECTOS POLITICOS | ||
| 650 | |a E) EL SALVADOR | ||
| 773 | |g volumen68, número735 ( , 2013), páginas 469-473 | ||
| 999 | |c 32801 |d 32801 | ||
